00925nam a2200229Ia 4500008004100000020001700041040001400058082002600072100004400098245008600142260003300228300001100261365002600272366000800298440003400306505002900340530003000369620010800399630008600507650001600593730008600609100315s9999 xx 000 0 und d a0070238111  cENGLISH  b10352 a330.973092  a"Gordan, Robert J., Pelkmans, Jacques " aChallenges to Interdependent Economies : the industrial west in the coming decade aNY bMCGRAW-HILL  c1980  a150   eRupees d1 b0.00  f0  aCouncil on Foreign Relation  gRamakant Amar Navghare  bDonated By RBI Library   a"Economic policy-USA, International economics, economic history, Interdependent Economies, RBI book. " aChallenges to Interdependent Economies : the industrial west in the coming decade aECONOMICS  aChallenges to Interdependent Economies : the industrial west in the coming decade